Ricostruisci la Carriera del Calciatore - Grīgorīs Kastanos - Statistics

Statistiche generali
  • Questo quiz è stato fatto 15 volte
  • Il punteggio medio è 3 su 7
Statistiche sulle risposte
Hint Risposta % Corretto
2020-2021 Frosinone
60%
2018-2019 Juventus U23
60%
2021- Salernitana
60%
2018-2019 Juventus
40%
2017 Pescara
40%
2017-2018 Zulte Waregem
40%
2019-2020 Pescara
20%
Nessun quiz corrispondente trovato
Distribuzione punteggi
Percentuale di utenti per punteggio
Percentile per numero di risposta
I tuoi punteggi nel tempo
Non hai fatto questo quiz